The noble scholar, jurist, historian


 His Excellency Dr. Abdul Wahhab bin Ibrahim Abu Sulaiman, may Allah have mercy on him.


 He was born in Umm Al-Qura in the year 1356 AH.

التقريرات السنية في حل ألفاظ المنظومة البيقونية / (Record no. 8756)

MARC details
000 -LEADER
fixed length control field 01122nam a22002531i 4500
003 - CONTROL NUMBER IDENTIFIER
control field SA-RiAUC
005 - DATE AND TIME OF LATEST TRANSACTION
control field 20250609104325.0
008 - FIXED-LENGTH DATA ELEMENTS--GENERAL INFORMATION
fixed length control field 250609s1985 qa g 000 0 ara c
040 ## - CATALOGING SOURCE
Original cataloging agency JO-AmJU
Language of cataloging ara
Transcribing agency SA-RiAUC
Description conventions rda
082 04 - DEWEY DECIMAL CLASSIFICATION NUMBER
Classification number 231
090 ## - LOCALLY ASSIGNED LC-TYPE CALL NUMBER (OCLC); LOCAL CALL NUMBER (RLIN)
Classification number (OCLC) (R) ; Classification number, CALL (RLIN) (NR) 231
Local cutter number (OCLC) ; Book number/undivided call number, CALL (RLIN) م ش ا
100 1# - MAIN ENTRY--PERSONAL NAME
Personal name المشاط، حسن بن محمد،
Dates associated with a name 1319-1399 هجري
Relator term مؤلف.
245 12 - TITLE STATEMENT
Title التقريرات السنية في حل ألفاظ المنظومة البيقونية /
Statement of responsibility, etc. حسن بن محمد المشاط.
264 #1 - PRODUCTION, PUBLICATION, DISTRIBUTION, MANUFACTURE, AND COPYRIGHT NOTICE
Place of production, publication, distribution, manufacture الدوحة :
Name of producer, publisher, distributor, manufacturer إدارة إحياء التراث الإسلامي،
Date of production, publication, distribution, manufacture, or copyright notice 1985
300 ## - PHYSICAL DESCRIPTION
Extent 48 صفحة
336 ## - CONTENT TYPE
Content type term نص
Content type code txt
Source rdacontent
Materials specified كتاب
337 ## - MEDIA TYPE
Media type term بدون وسيط
Media type code n
Source rdamedia
338 ## - CARRIER TYPE
Carrier type term مجلد
Carrier type code nc
Source rdacarrier
650 #7 - SUBJECT ADDED ENTRY--TOPICAL TERM
Topical term or geographic name entry element علم دراية الحديث
Source of heading or term aucsh
700 12 - ADDED ENTRY--PERSONAL NAME
Personal name البيقوني، عمر بن محمد بن فتوح،
Dates associated with a name توفي حوالي 1080 هجري.
Title of a work المنظومة البيقونية في مصطلح الحديث.
740 22 - ADDED ENTRY--UNCONTROLLED RELATED/ANALYTICAL TITLE
Uncontrolled related/analytical title المنظومة البيقونية في مصطلح الحديث.
942 ## - ADDED ENTRY ELEMENTS (KOHA)
Source of classification or shelving scheme Dewey Decimal Classification
Koha item type Books
949 ## - LOCAL PROCESSING INFORMATION (OCLC)
a SA-JeALM
d 250609
u khaled123
n 1
Holdings
Withdrawn status Lost status Source of classification or shelving scheme Damaged status Not for loan Home library Current library Date acquired Total checkouts Full call number Barcode Date last seen Price effective from Koha item type
    Dewey Decimal Classification     DR AbdElwahab Library DR AbdElwahab Library 06/09/2025   231 م ش ا 000014427 06/09/2025 06/09/2025 Books
    Dewey Decimal Classification     DR AbdElwahab Library DR AbdElwahab Library 06/09/2025   231 م ش ا 000014428 06/09/2025 06/09/2025 Books
    Dewey Decimal Classification     DR AbdElwahab Library DR AbdElwahab Library 11/11/2025   231 م ش ا 000021005 11/11/2025 11/11/2025 Books